Where Did I Put That Book? Quiz Stats

 Plays Quiz Updated Dec 17, 2013

Challenge
Share
Tweet
Embed
Score 0/21 Timer 04:00
4 Plays Today
% Correct
Egypt
91%
United States of America
90.3%
Russia
87.5%
Sweden
79.8%
Japan
78.8%
Vatican City
74.3%
Germany
74.2%
China
67.5%
Colombia
63.8%
India
58.1%
Democratic Republic of the Congo
55.2%
% Correct
Afghanistan
54.6%
United Kingdom
48.9%
France
46.5%
Thailand
45.8%
Greece
37.7%
Botswana
37.6%
Canada
33.7%
New Zealand
25.1%
Ethiopia
18.3%
Iran
12%

You're not logged in!

Compare scores with friends on all Sporcle quizzes.
OR
Log In

You Might Also Like...

Show Comments

Extras

Top Quizzes Today


Score Distribution

Your Account Isn't Verified!

In order to create a playlist on Sporcle, you need to verify the email address you used during registration. Go to your Sporcle Settings to finish the process.

Report this User

Report this user for behavior that violates our Community Guidelines.

Details: